| 000 | 00000nam 2200000zi 4500 |
| 001 | 9.957888 |
| 003 | CaOODSP |
| 005 | 20251202125521 |
| 006 | m o d f |
| 007 | cr |n||||||||| |
| 008 | 251202t20032003oncda obi f|0| 0 fre d |
| 020 | |z066288907X |
| 040 | |aCaOODSP|bfre|erda|cCaOODSP |
| 043 | |an-cn--- |
| 086 | 1 |aNM95-59/9-2003F-PDF|zNM95-59/9-2003F |
| 100 | 1 |aTétreault, Jean, |d1963- |eauteur. |
| 245 | 10|aPolluants dans les musées et les archives : |bévaluation des risques, stratégies de contrôle et gestion de la préservation / |cpar Jean Tétreault |
| 264 | 1|aOttawa : |bCanadian Conservation Institute = Institut canadien de conservation, |c2003. |
| 264 | 4|c©2003 |
| 300 | |a1 ressource en ligne (175 pages) : |bgraphiques, illustrations |
| 336 | |atexte|btxt|2rdacontent/fre |
| 337 | |ainformatique|bc|2rdamedia/fre |
| 338 | |aressource en ligne|bcr|2rdacarrier/fre |
| 500 | |aPublié aussi en anglais sous le titre : Airborne pollutants in museums, galleries, and archives: risk assessment, control strategies, and preservation management. |
| 504 | |aComprend des références bibliographiques et index. |
| 520 | |a« Cet ouvrage vise les objectifs suivants : énumérer et définir les principaux polluants aéroportés présents dans les musées; présenter des outils basés sur le rapport entre l'exposition et les effets pour évaluer les risques que courent les collections exposées à des polluants; établir des directives en ce qui concerne les stratégies de contrôle qui aboutissent à des solutions à la fois souples et pratiques; proposer des directives pour évaluer le niveau de protection des collections; fournir un outil élémentaire d'analyse des coûts et des avantages qui est conforme aux principes d'exploitation et aux politiques adoptés par chaque musée; proposer une méthode d'enquête permettant d'évaluer le degré de préservation des collections nécessaire compte tenu des polluants et d'identifier les causes des dommages »--Préface, page 1. |
| 650 | 6|aMusées|xFacteurs climatiques|zCanada. |
| 650 | 6|aMusées|xMéthodes de conservation|zCanada. |
| 650 | 6|aDocuments de bibliothè€que|xConservation et restauration|zCanada. |
| 650 | 6|aDocuments d'archives|xConservation et restauration|zCanada. |
| 650 | 6|aAir intérieur|xPollution|zCanada|xMesure. |
| 710 | 2 |aInstitut canadien de conservation, |eorganisme de publication. |
| 775 | 08|tAirborne pollutants in museums, galleries, and archives : |w(CaOODSP)9.957884 |
| 856 | 40|qPDF|s31.70 Mo|uhttps://publications.gc.ca/collections/collection_2025/pch/NM95-59-9-2003-fra.pdf |